[Event "DVM U16w 2023"]
[Site "Magdeburg GER"]
[Date "2023.12.29"]
[Round "5"]
[White "Shrikrishna, Aradhana"]
[Black "Yan, Jenny"]
[Result "0-1"]
[Termination "normal"]
[Board "10.4"]
[WhiteElo "742"]
[BlackElo "1155"]
[WhiteClock "01:24:27"]
[BlackClock "01:25:37"]
[WhiteTeam "SK Freiburg-Zähringen 1887"]
[BlackTeam "Hamburger SK 1830 2"]
[PlyCount "50"]
[WhiteFideId "34682520"]
[BlackFideId "34630376"]
[EventCountry "GER"]
[EventRounds "7"]
[EventType "team-swiss"]
[EventDate "2023.12.26"]

1. e4 {[%clk 01:30:57]} {[%emt 00:00:03]} e5 {[%clk 01:30:57]} {[%emt
00:00:04]} 2. Nf3 {[%clk 01:31:02]} {[%emt 00:00:23]} Nc6 {[%clk 01:31:25]}
{[%emt 00:00:04]} 3. Nc3 {[%clk 01:31:12]} {[%emt 00:00:18]} Nf6 {[%clk
01:31:29]} {[%emt 00:00:27]} 4. Bb5 {[%clk 01:31:18]} {[%emt 00:00:22]} a6
{[%clk 01:31:27]} {[%emt 00:00:34]} 5. Bd3 {[%clk 01:31:32]} {[%emt 00:00:12]}
Bc5 {[%clk 01:31:23]} {[%emt 00:00:37]} 6. O-O {[%clk 01:30:49]} {[%emt
00:01:12]} O-O {[%clk 01:31:40]} {[%emt 00:00:15]} 7. Be2 {[%clk 01:30:41]}
{[%emt 00:00:31]} d6 {[%clk 01:31:25]} {[%emt 00:00:52]} 8. d3 {[%clk
01:30:45]} {[%emt 00:00:23]} h6 {[%clk 01:30:24]} {[%emt 00:01:34]} 9. d4
{[%emt 00:00:18]} exd4 {[%emt 00:00:46]} 10. Na4 {[%clk 01:30:07]} {[%emt
00:00:02]} Ba7 {[%clk 01:30:39]} {[%emt 00:00:15]} 11. Bd3 {[%clk 01:29:41]}
{[%emt 00:00:57]} Bg4 {[%clk 01:29:07]} {[%emt 00:02:03]} 12. h3 {[%clk
01:29:48]} {[%emt 00:00:21]} Bh5 {[%clk 01:28:36]} {[%emt 00:01:02]} 13. Re1
{[%clk 01:28:05]} {[%emt 00:01:57]} b5 {[%clk 01:27:03]} {[%emt 00:02:21]} 14.
Nc3 {[%clk 01:27:38]} {[%emt 00:00:46]} dxc3 {[%clk 01:27:24]} {[%emt
00:00:19]} 15. bxc3 {[%clk 01:27:45]} {[%emt 00:00:23]} Ne5 {[%clk 01:26:38]}
{[%emt 00:01:16]} 16. Be2 {[%clk 01:27:08]} {[%emt 00:01:05]} Nxf3+ {[%clk
01:25:57]} {[%emt 00:01:12]} 17. gxf3 {[%clk 01:27:12]} {[%emt 00:00:26]} Qd7
{[%clk 01:25:30]} {[%emt 00:00:57]} 18. Kf1 {[%clk 01:27:13]} {[%emt 00:00:23]}
Qxh3+ {[%clk 01:25:27]} {[%emt 00:00:38]} 19. Kg1 {[%clk 01:27:08]} {[%emt
00:00:19]} Rad8 {[%clk 01:25:18]} {[%emt 00:00:56]} 20. Bf1 {[%clk 01:26:31]}
{[%emt 00:00:15]} Qd7 {[%clk 01:25:48]} 21. e5 {[%clk 01:26:32]} {[%emt
00:01:20]} dxe5 {[%clk 01:26:08]} {[%emt 00:00:13]} 22. Bd3 {[%clk 01:26:28]}
{[%emt 00:00:31]} e4 {[%clk 01:25:47]} {[%emt 00:00:54]} 23. Be2 {[%clk
01:25:57]} {[%emt 00:00:25]} exf3 {[%clk 01:25:37]} {[%emt 00:01:16]} 24. Bd3
{[%emt 00:00:25]} Qg4+ {[%emt 00:00:28]} 25. Kf1 {[%clk 01:24:27]} {[%emt
00:00:32]} Qg2# {[%clk 01:25:37]} 0-1

[Event "DVM U16w 2023"]
[Site "Magdeburg GER"]
[Date "2023.12.29"]
[Round "6"]
[White "Nguyen, Jenny Ha-Linh"]
[Black "Trunz, Tamila"]
[Result "0-1"]
[Termination "normal"]
[Board "1.1"]
[WhiteElo "1639"]
[BlackElo "1766"]
[WhiteClock "00:38:17"]
[BlackClock "00:30:28"]
[WhiteTeam "SG Leipzig"]
[BlackTeam "SG Porz"]
[PlyCount "70"]
[WhiteFideId "16209729"]
[BlackFideId "16267885"]
[EventCountry "GER"]
[EventRounds "7"]
[EventType "team-swiss"]
[EventDate "2023.12.26"]

1. e4 {[%clk 01:30:58]} {[%emt 00:00:02]} c5 {[%clk 01:30:52]} {[%emt
00:00:09]} 2. c3 {[%clk 01:31:22]} {[%emt 00:00:05]} e6 {[%clk 01:31:18]}
{[%emt 00:00:05]} 3. d4 {[%clk 01:31:43]} {[%emt 00:00:09]} d5 {[%clk
01:31:44]} {[%emt 00:00:04]} 4. exd5 {[%clk 01:31:52]} {[%emt 00:00:21]} exd5
{[%clk 01:32:07]} {[%emt 00:00:06]} 5. Nf3 {[%clk 01:32:14]} {[%emt 00:00:09]}
Nc6 {[%clk 01:31:24]} {[%emt 00:01:12]} 6. Be2 {[%clk 01:28:55]} {[%emt
00:03:49]} Nf6 {[%clk 01:30:59]} {[%emt 00:00:55]} 7. O-O {[%clk 01:29:02]}
{[%emt 00:00:23]} Bd6 {[%clk 01:30:24]} {[%emt 00:01:05]} 8. dxc5 {[%clk
01:28:30]} {[%emt 00:01:02]} Bxc5 {[%clk 01:30:44]} {[%emt 00:00:09]} 9. Bg5
{[%clk 01:27:50]} {[%emt 00:01:12]} Be6 {[%clk 01:26:25]} {[%emt 00:04:49]} 10.
Nbd2 {[%clk 01:25:55]} {[%emt 00:02:24]} h6 {[%clk 01:24:47]} {[%emt 00:02:09]}
11. Bh4 {[%clk 01:25:35]} {[%emt 00:00:50]} g5 {[%clk 01:23:29]} {[%emt
00:01:48]} 12. Bg3 {[%clk 01:25:51]} {[%emt 00:00:14]} Bb6 {[%clk 01:17:17]}
{[%emt 00:06:41]} 13. Nb3 {[%clk 01:23:14]} {[%emt 00:03:07]} Ne4 {[%clk
01:15:15]} {[%emt 00:02:33]} 14. Nbd4 {[%clk 01:21:30]} {[%emt 00:02:13]} O-O
{[%clk 01:05:59]} {[%emt 00:09:46]} 15. Nxc6 {[%clk 01:05:04]} {[%emt
00:16:56]} bxc6 {[%clk 01:05:37]} {[%emt 00:00:53]} 16. Ne5 {[%clk 01:04:04]}
{[%emt 00:01:29]} f5 {[%clk 00:56:30]} {[%emt 00:09:37]} 17. Kh1 {[%clk
00:56:04]} {[%emt 00:08:30]} f4 {[%clk 00:56:15]} {[%emt 00:00:45]} 18. f3
{[%clk 00:56:23]} {[%emt 00:00:10]} Nxg3+ {[%clk 00:55:53]} {[%emt 00:00:53]}
19. hxg3 {[%clk 00:56:45]} {[%emt 00:00:08]} fxg3 {[%clk 00:55:31]} {[%emt
00:00:51]} 20. Qe1 {[%clk 00:52:20]} {[%emt 00:04:56]} Bf2 {[%clk 00:45:52]}
{[%emt 00:10:09]} 21. Rxf2 {[%clk 00:52:34]} {[%emt 00:00:16]} gxf2 {[%clk
00:46:15]} {[%emt 00:00:07]} 22. Qxf2 {[%clk 00:53:02]} {[%emt 00:00:02]} Qd6
{[%clk 00:45:55]} {[%emt 00:00:50]} 23. Nd3 {[%clk 00:51:57]} {[%emt 00:01:35]}
Bf5 {[%clk 00:43:56]} {[%emt 00:02:28]} 24. Rd1 {[%clk 00:50:17]} {[%emt
00:02:12]} Rae8 {[%clk 00:43:23]} {[%emt 00:01:03]} 25. g4 {[%clk 00:45:29]}
{[%emt 00:05:18]} Bxg4 {[%clk 00:42:59]} {[%emt 00:00:54]} 26. Rf1 {[%clk
00:45:03]} {[%emt 00:00:56]} Qg6 {[%clk 00:38:25]} {[%emt 00:05:03]} 27. Qg2
{[%clk 00:43:41]} {[%emt 00:01:52]} Bf5 {[%clk 00:35:21]} {[%emt 00:03:34]} 28.
Nc1 {[%clk 00:43:07]} {[%emt 00:01:04]} Qh5+ {[%clk 00:34:34]} {[%emt
00:01:18]} 29. Kg1 {[%clk 00:42:17]} {[%emt 00:01:19]} Bh3 {[%clk 00:33:40]}
{[%emt 00:01:24]} 30. Qh2 {[%clk 00:42:40]} {[%emt 00:00:07]} Rf4 {[%clk
00:33:18]} {[%emt 00:00:52]} 31. Qg3 {[%clk 00:39:19]} {[%emt 00:03:51]} Bxf1
{[%clk 00:32:24]} {[%emt 00:01:23]} 32. Kxf1 {[%clk 00:39:38]} {[%emt
00:00:11]} Rh4 {[%clk 00:30:33]} {[%emt 00:02:22]} 33. Ke1 {[%clk 00:37:46]}
{[%emt 00:02:22]} Rh1+ {[%clk 00:30:11]} {[%emt 00:00:52]} 34. Kd2 {[%emt
00:00:22]} Rxc1 {[%clk 00:30:07]} {[%emt 00:00:28]} 35. Kxc1 {[%clk 00:38:17]}
{[%emt 00:00:12]} Rxe2 {[%clk 00:30:28]} {[%emt 00:00:10]} 0-1

[Event "DVM U16w 2023"]
[Site "Magdeburg GER"]
[Date "2023.12.29"]
[Round "6"]
[White "Neumann, Helena"]
[Black "Halas, Neele Zoe"]
[Result "1-0"]
[Termination "normal"]
[Board "1.2"]
[WhiteElo "1584"]
[BlackElo "1391"]
[WhiteClock "00:09:43"]
[BlackClock "00:02:06"]
[WhiteTeam "SG Porz"]
[BlackTeam "SG Leipzig"]
[PlyCount "75"]
[WhiteFideId "16275365"]
[BlackFideId "16287282"]
[EventCountry "GER"]
[EventRounds "7"]
[EventType "team-swiss"]
[EventDate "2023.12.26"]

1. e4 {[%clk 01:30:58]} {[%emt 00:00:01]} e5 {[%clk 01:30:32]} {[%emt
00:00:29]} 2. Nf3 {[%clk 01:31:24]} {[%emt 00:00:04]} Nc6 {[%clk 01:30:48]}
{[%emt 00:00:14]} 3. Bc4 {[%clk 01:31:51]} {[%emt 00:00:03]} Bc5 {[%clk
01:31:09]} {[%emt 00:00:09]} 4. c3 {[%clk 01:32:17]} {[%emt 00:00:04]} Nf6
{[%clk 01:31:12]} {[%emt 00:00:27]} 5. d3 {[%clk 01:32:43]} {[%emt 00:00:03]}
O-O {[%clk 01:31:20]} {[%emt 00:00:22]} 6. O-O {[%clk 01:33:02]} {[%emt
00:00:12]} d6 {[%clk 01:31:13]} {[%emt 00:00:37]} 7. h3 {[%clk 01:33:27]}
{[%emt 00:00:05]} h6 {[%clk 01:31:30]} {[%emt 00:00:13]} 8. a4 {[%clk
01:33:52]} {[%emt 00:00:04]} a5 {[%clk 01:31:39]} {[%emt 00:00:22]} 9. Nbd2
{[%clk 01:34:04]} {[%emt 00:00:18]} Be6 {[%clk 01:30:56]} {[%emt 00:01:13]} 10.
Re1 {[%clk 01:34:08]} {[%emt 00:00:25]} Bxc4 {[%clk 01:30:34]} {[%emt
00:00:53]} 11. Nxc4 {[%clk 01:34:27]} {[%emt 00:00:12]} Re8 {[%clk 01:30:04]}
{[%emt 00:00:59]} 12. Be3 {[%clk 01:33:09]} {[%emt 00:01:47]} Ba7 {[%clk
01:29:16]} {[%emt 00:01:19]} 13. Qc2 {[%clk 01:29:22]} {[%emt 00:04:17]} Bxe3
{[%clk 01:19:19]} {[%emt 00:10:27]} 14. Nxe3 {[%clk 01:20:34]} {[%emt
00:09:18]} Qd7 {[%clk 01:01:34]} {[%emt 00:18:15]} 15. Rad1 {[%clk 01:18:33]}
{[%emt 00:02:30]} Rad8 {[%clk 01:01:10]} {[%emt 00:00:54]} 16. Nf5 {[%clk
01:14:25]} {[%emt 00:04:39]} Ne7 {[%clk 01:00:52]} {[%emt 00:00:48]} 17. Nxe7+
{[%clk 01:14:17]} {[%emt 00:00:37]} Rxe7 {[%clk 00:59:43]} {[%emt 00:01:39]}
18. d4 {[%clk 01:12:31]} {[%emt 00:02:17]} exd4 {[%clk 00:59:38]} {[%emt
00:00:35]} 19. cxd4 {[%clk 01:12:19]} {[%emt 00:00:42]} d5 {[%clk 00:58:57]}
{[%emt 00:01:10]} 20. e5 {[%clk 01:08:17]} {[%emt 00:04:32]} Ne8 {[%clk
00:58:16]} {[%emt 00:01:11]} 21. Nd2 {[%clk 01:07:22]} {[%emt 00:01:26]} Re6
{[%clk 00:53:31]} {[%emt 00:05:15]} 22. f4 {[%clk 01:00:30]} {[%emt 00:07:21]}
Rc6 {[%clk 00:53:02]} {[%emt 00:00:59]} 23. Qd3 {[%clk 01:00:34]} {[%emt
00:00:26]} Rb6 {[%clk 00:52:55]} {[%emt 00:00:37]} 24. b3 {[%clk 01:00:09]}
{[%emt 00:00:56]} g6 {[%clk 00:51:26]} {[%emt 00:01:59]} 25. g4 {[%clk
00:49:51]} {[%emt 00:10:47]} Ng7 {[%clk 00:49:37]} {[%emt 00:02:19]} 26. Rf1
{[%clk 00:49:35]} {[%emt 00:00:46]} g5 {[%clk 00:36:19]} {[%emt 00:13:47]} 27.
f5 {[%clk 00:44:35]} {[%emt 00:05:31]} Ra8 {[%clk 00:30:02]} {[%emt 00:06:48]}
28. Nf3 {[%clk 00:42:13]} {[%emt 00:02:52]} Qe8 {[%clk 00:27:29]} {[%emt
00:02:59]} 29. Kg2 {[%clk 00:39:39]} {[%emt 00:03:08]} Raa6 {[%clk 00:24:19]}
{[%emt 00:03:39]} 30. h4 {[%clk 00:37:45]} {[%emt 00:02:23]} Qd8 {[%clk
00:22:20]} {[%emt 00:02:30]} 31. Rh1 {[%clk 00:36:29]} {[%emt 00:01:46]} f6
{[%clk 00:14:55]} {[%emt 00:07:54]} 32. Rh3 {[%clk 00:35:25]} {[%emt 00:01:35]}
fxe5 {[%clk 00:14:02]} {[%emt 00:01:24]} 33. Nxe5 {[%clk 00:34:37]} {[%emt
00:01:17]} gxh4 {[%clk 00:13:38]} {[%emt 00:00:54]} 34. Rdh1 {[%clk 00:32:51]}
{[%emt 00:02:17]} Qg5 {[%clk 00:12:22]} {[%emt 00:01:45]} 35. Rxh4 {[%clk
00:31:47]} {[%emt 00:01:35]} Rb4 {[%clk 00:04:47]} {[%emt 00:08:04]} 36. Nd7
{[%clk 00:18:10]} {[%emt 00:14:07]} Rd6 {[%clk 00:02:54]} {[%emt 00:02:23]} 37.
Nc5 {[%clk 00:17:36]} {[%emt 00:01:05]} Rf6 {[%clk 00:02:06]} {[%emt 00:01:17]}
38. Kh3 {[%clk 00:09:43]} {[%emt 00:08:23]} *

[Event "DVM U16w 2023"]
[Site "Magdeburg GER"]
[Date "2023.12.29"]
[Round "6"]
[White "Ottlik, Marie"]
[Black "Brandt, Clara"]
[Result "1/2-1/2"]
[Termination "normal"]
[Board "1.3"]
[WhiteElo "1452"]
[BlackElo "1267"]
[WhiteClock "00:13:37"]
[BlackClock "00:01:30"]
[WhiteTeam "SG Leipzig"]
[BlackTeam "SG Porz"]
[PlyCount "81"]
[WhiteFideId "16281730"]
[BlackFideId "34614737"]
[EventCountry "GER"]
[EventRounds "7"]
[EventType "team-swiss"]
[EventDate "2023.12.26"]

1. e4 {[%clk 01:30:57]} {[%emt 00:00:03]} d5 {[%clk 01:30:56]} {[%emt
00:00:05]} 2. exd5 {[%clk 01:31:15]} {[%emt 00:00:12]} Nf6 {[%clk 01:31:22]}
{[%emt 00:00:05]} 3. Nc3 {[%clk 01:30:53]} {[%emt 00:00:51]} Nxd5 {[%clk
01:31:46]} {[%emt 00:00:05]} 4. d4 {[%clk 01:30:30]} {[%emt 00:00:54]} Nxc3
{[%clk 01:32:11]} {[%emt 00:00:05]} 5. bxc3 {[%clk 01:30:37]} {[%emt 00:00:22]}
g6 {[%clk 01:32:34]} {[%emt 00:00:07]} 6. Nf3 {[%clk 01:29:32]} {[%emt
00:01:36]} Bg7 {[%clk 01:32:56]} {[%emt 00:00:07]} 7. Bc4 {[%clk 01:28:48]}
{[%emt 00:01:15]} c5 {[%clk 01:33:19]} {[%emt 00:00:06]} 8. O-O {[%clk
01:27:06]} {[%emt 00:02:13]} O-O {[%clk 01:33:41]} {[%emt 00:00:07]} 9. h3
{[%clk 01:25:08]} {[%emt 00:02:30]} Nc6 {[%clk 01:33:09]} {[%emt 00:01:01]} 10.
Be3 {[%clk 01:21:21]} {[%emt 00:04:16]} b6 {[%clk 01:21:05]} {[%emt 00:12:34]}
11. Qd2 {[%clk 01:11:02]} {[%emt 00:10:49]} cxd4 {[%clk 01:17:10]} {[%emt
00:04:26]} 12. cxd4 {[%clk 01:08:16]} {[%emt 00:03:16]} Bb7 {[%clk 01:11:51]}
{[%emt 00:05:48]} 13. Rfd1 {[%clk 01:02:20]} {[%emt 00:06:25]} Rc8 {[%clk
01:08:37]} {[%emt 00:03:44]} 14. Be2 {[%clk 00:59:48]} {[%emt 00:03:03]} Na5
{[%clk 00:59:37]} {[%emt 00:09:29]} 15. Bh6 {[%clk 00:53:50]} {[%emt 00:06:29]}
Nc4 {[%clk 00:46:20]} {[%emt 00:13:47]} 16. Qf4 {[%clk 00:51:20]} {[%emt
00:03:00]} Qc7 {[%clk 00:39:55]} {[%emt 00:06:55]} 17. Qxc7 {[%clk 00:50:13]}
{[%emt 00:01:37]} Rxc7 {[%clk 00:40:10]} {[%emt 00:00:14]} 18. Bxg7 {[%clk
00:50:02]} {[%emt 00:00:42]} Kxg7 {[%clk 00:40:30]} {[%emt 00:00:09]} 19. Rac1
{[%clk 00:47:58]} {[%emt 00:02:34]} Rfc8 {[%clk 00:39:03]} {[%emt 00:01:58]}
20. Ne5 {[%clk 00:42:19]} {[%emt 00:06:10]} Nxe5 {[%emt 00:04:29]} 21. dxe5
{[%clk 00:42:30]} {[%emt 00:00:17]} Rxc2 {[%clk 00:33:17]} {[%emt 00:02:18]}
22. Rxc2 {[%clk 00:40:14]} {[%emt 00:02:47]} Rxc2 {[%clk 00:33:39]} {[%emt
00:00:07]} 23. Bg4 {[%clk 00:28:19]} {[%emt 00:12:24]} h5 {[%clk 00:31:35]}
{[%emt 00:02:35]} 24. Bd7 {[%clk 00:27:58]} {[%emt 00:00:51]} Rxa2 {[%clk
00:27:36]} {[%emt 00:04:29]} 25. Rc1 {[%clk 00:27:06]} {[%emt 00:01:22]} Be4
{[%clk 00:17:36]} {[%emt 00:10:24]} 26. Rc7 {[%clk 00:25:40]} {[%emt 00:02:00]}
Bf5 {[%clk 00:16:43]} {[%emt 00:01:24]} 27. Bxf5 {[%clk 00:23:37]} {[%emt
00:02:34]} gxf5 {[%clk 00:17:06]} {[%emt 00:00:08]} 28. Rxe7 {[%clk 00:23:59]}
{[%emt 00:00:07]} Kf8 {[%clk 00:16:47]} {[%emt 00:00:48]} 29. Rb7 {[%clk
00:23:50]} {[%emt 00:00:39]} Ra5 {[%clk 00:16:06]} {[%emt 00:01:09]} 30. Kh2
{[%clk 00:21:24]} {[%emt 00:02:58]} Rxe5 {[%clk 00:10:15]} {[%emt 00:06:22]}
31. Rxa7 {[%clk 00:21:43]} {[%emt 00:00:11]} Rb5 {[%clk 00:08:19]} {[%emt
00:02:25]} 32. Kg3 {[%clk 00:19:20]} {[%emt 00:02:54]} Kg7 {[%clk 00:07:30]}
{[%emt 00:01:19]} 33. Kf3 {[%clk 00:18:11]} {[%emt 00:01:38]} Rb4 {[%clk
00:07:10]} {[%emt 00:00:51]} 34. Rb7 {[%clk 00:17:59]} {[%emt 00:00:41]} Kg6
{[%clk 00:07:15]} {[%emt 00:00:25]} 35. g3 {[%clk 00:17:39]} {[%emt 00:00:51]}
Rb3+ {[%clk 00:06:53]} {[%emt 00:00:51]} 36. Kf4 {[%clk 00:16:12]} {[%emt
00:01:57]} f6 {[%clk 00:06:20]} {[%emt 00:01:04]} 37. h4 {[%clk 00:15:22]}
{[%emt 00:01:21]} Rb4+ {[%clk 00:04:38]} {[%emt 00:02:11]} 38. Ke3 {[%clk
00:14:45]} {[%emt 00:01:06]} Rb3+ {[%clk 00:03:53]} {[%emt 00:01:16]} 39. Kf4
{[%clk 00:15:03]} {[%emt 00:00:12]} b5 {[%clk 00:03:10]} {[%emt 00:01:12]} 40.
Rb6 {[%clk 00:13:37]} {[%emt 00:01:57]} Rb4+ {[%clk 00:01:30]} {[%emt
00:02:10]} 41. Ke4 {[%emt 00:01:31]} 1/2-1/2

[Event "DVM U16w 2023"]
[Site "Magdeburg GER"]
[Date "2023.12.29"]
[Round "6"]
[White "Siegel, Irene"]
[Black "Amelang, Jamie Alice"]
[Result "1-0"]
[Termination "normal"]
[Board "1.4"]
[WhiteElo "1313"]
[BlackElo "1322"]
[WhiteClock "00:54:30"]
[BlackClock "00:26:05"]
[WhiteTeam "SG Porz"]
[BlackTeam "SG Leipzig"]
[PlyCount "93"]
[WhiteFideId "16284380"]
[BlackFideId "34605754"]
[EventCountry "GER"]
[EventRounds "7"]
[EventType "team-swiss"]
[EventDate "2023.12.26"]

1. e4 {[%clk 01:30:57]} {[%emt 00:00:03]} e5 {[%clk 01:30:54]} {[%emt
00:00:06]} 2. Nf3 {[%clk 01:31:20]} {[%emt 00:00:07]} Nc6 {[%clk 01:31:19]}
{[%emt 00:00:06]} 3. d4 {[%clk 01:31:40]} {[%emt 00:00:10]} exd4 {[%clk
01:31:41]} {[%emt 00:00:08]} 4. Nxd4 {[%clk 01:31:59]} {[%emt 00:00:10]} Bc5
{[%clk 01:32:05]} {[%emt 00:00:06]} 5. Be3 {[%clk 01:32:07]} {[%emt 00:00:23]}
Qf6 {[%clk 01:32:26]} {[%emt 00:00:09]} 6. c3 {[%clk 01:32:27]} {[%emt
00:00:10]} Nge7 {[%clk 01:32:38]} {[%emt 00:00:17]} 7. Bc4 {[%clk 01:32:34]}
{[%emt 00:00:23]} O-O {[%clk 01:33:01]} {[%emt 00:00:07]} 8. O-O {[%clk
01:32:55]} {[%emt 00:00:10]} Qg6 {[%clk 01:33:09]} {[%emt 00:00:22]} 9. Nd2
{[%clk 01:29:26]} {[%emt 00:03:59]} Nxd4 {[%clk 01:33:14]} {[%emt 00:00:25]}
10. cxd4 {[%clk 01:29:46]} {[%emt 00:00:10]} d5 {[%clk 01:32:48]} {[%emt
00:00:56]} 11. Bd3 {[%clk 01:19:38]} {[%emt 00:10:38]} Bd6 {[%clk 01:26:50]}
{[%emt 00:06:28]} 12. Qe2 {[%clk 01:14:13]} {[%emt 00:05:53]} Bh3 {[%clk
01:17:51]} {[%emt 00:09:30]} 13. f3 {[%emt 00:15:50]} dxe4 {[%clk 01:06:39]}
14. fxe4 {[%clk 01:09:08]} {[%emt 00:01:56]} Bg4 {[%clk 01:05:21]} {[%emt
00:01:49]} 15. Nf3 {[%clk 01:08:52]} {[%emt 00:00:45]} Bxf3 {[%clk 01:04:31]}
{[%emt 00:01:19]} 16. Rxf3 {[%clk 01:09:16]} {[%emt 00:00:07]} Bb4 {[%clk
00:49:44]} {[%emt 00:15:18]} 17. e5 {[%clk 01:09:13]} {[%emt 00:00:33]} Qe6
{[%clk 00:49:46]} {[%emt 00:00:28]} 18. Rh3 {[%emt 00:02:58]} g6 {[%clk
00:36:18]} {[%emt 00:13:55]} 19. Bh6 {[%clk 01:03:14]} {[%emt 00:04:03]} Rfd8
{[%clk 00:36:30]} {[%emt 00:00:18]} 20. Bc4 {[%clk 01:02:56]} {[%emt 00:00:48]}
Qb6 {[%clk 00:32:43]} {[%emt 00:04:12]} 21. Rf1 {[%clk 00:57:48]} {[%emt
00:05:43]} Nd5 {[%clk 00:18:33]} {[%emt 00:14:40]} 22. Qf2 {[%clk 00:56:42]}
{[%emt 00:01:36]} Qe6 {[%clk 00:18:11]} {[%emt 00:00:52]} 23. Rf3 {[%clk
00:56:08]} {[%emt 00:01:05]} Rd7 {[%clk 00:18:03]} {[%emt 00:00:38]} 24. Rf6
{[%clk 00:56:29]} {[%emt 00:00:09]} Qe8 {[%clk 00:09:20]} {[%emt 00:09:12]} 25.
e6 {[%clk 00:52:18]} {[%emt 00:04:41]} fxe6 {[%clk 00:09:07]} {[%emt 00:00:44]}
26. Bxd5 {[%clk 00:50:28]} {[%emt 00:02:20]} Rxd5 {[%clk 00:08:21]} {[%emt
00:01:15]} 27. Qe3 {[%clk 00:47:45]} {[%emt 00:03:10]} Rf5 {[%clk 00:06:29]}
{[%emt 00:02:25]} 28. Rxe6 {[%clk 00:45:02]} {[%emt 00:03:12]} Rxf1+ {[%clk
00:06:28]} {[%emt 00:00:33]} 29. Kxf1 {[%clk 00:45:28]} {[%emt 00:00:04]} Qf7+
{[%clk 00:06:12]} {[%emt 00:00:46]} 30. Kg1 {[%clk 00:45:48]} {[%emt 00:00:09]}
Bd6 {[%emt 00:02:09]} 31. a3 {[%clk 00:45:45]} {[%emt 00:00:31]} Bf8 {[%emt
00:00:33]} 32. Bg5 {[%clk 00:43:02]} {[%emt 00:03:12]} h6 {[%clk 00:03:31]}
{[%emt 00:01:33]} 33. Bh4 {[%clk 00:40:51]} {[%emt 00:02:41]} Bg7 {[%clk
00:01:55]} {[%emt 00:02:06]} 34. d5 {[%clk 00:36:13]} {[%emt 00:05:08]} Rf8
{[%clk 00:01:59]} {[%emt 00:00:25]} 35. h3 {[%clk 00:34:51]} {[%emt 00:01:52]}
Qf1+ {[%clk 00:02:02]} {[%emt 00:00:27]} 36. Kh2 {[%clk 00:35:17]} {[%emt
00:00:04]} Qf4+ {[%emt 00:00:27]} 37. Qxf4 {[%clk 00:35:06]} {[%emt 00:00:40]}
Rxf4 {[%clk 00:02:34]} {[%emt 00:00:02]} 38. Bg3 {[%clk 00:35:27]} {[%emt
00:00:09]} Rf6 {[%clk 00:02:46]} {[%emt 00:00:18]} 39. Re8+ {[%clk 00:34:41]}
{[%emt 00:01:16]} Rf8 {[%clk 00:00:39]} {[%emt 00:02:38]} 40. Rxf8+ {[%clk
00:33:18]} {[%emt 00:01:52]} Kxf8 {[%clk 00:01:04]} {[%emt 00:00:05]} 41. b3
{[%clk 00:26:06]} {[%emt 00:07:43]} c6 {[%clk 00:00:52]} {[%emt 00:00:42]} 42.
dxc6 {[%clk 00:25:16]} {[%emt 00:01:19]} bxc6 {[%clk 00:01:12]} {[%emt
00:00:11]} 43. Bb8 {[%clk 00:24:31]} {[%emt 00:01:15]} a6 {[%clk 00:01:19]}
{[%emt 00:00:23]} 44. Kg3 {[%clk 00:24:46]} {[%emt 00:00:14]} Kf7 {[%clk
00:01:17]} {[%emt 00:00:32]} 45. Kf3 {[%clk 00:24:27]} {[%emt 00:00:49]} Ke6
{[%clk 00:01:27]} {[%emt 00:00:20]} 46. Ke4 {[%clk 00:24:05]} {[%emt 00:00:51]}
Bb2 {[%clk 00:26:05]} {[%emt 00:05:53]} 47. a4 {[%clk 00:54:30]} {[%emt
00:00:06]} *